00355nam a2200145 a 4500020001800000082001800018100002100036245001900057260004400076300000900120500003500129505001000164650001300174700002200187 a0195183 00a294.5922bRIC aRichman, Paul Ed aMany Ramayanas aLondan bOxford University Press c1992 a273p aincludes index and biblioraphy2 aIndex aRamayana1 aRichaman, Paul Ed